000 00186nam a2200073Ia 4500
008 170817s9999 xx 000 0 und d
100 _aNARAYANA P.V.V.
245 0 _aSCHOOL ADMINISTION & NANEGMENT
260 _bSONALI PUB.
999 _c37824
_d37824